000 00328nam a2200145Ia 4500
100 _aAICTE
942 _cBK
654 _asatellite TV
245 _aSatellite TV C-NO : 345
260 _bContinuing Education Programmer AICTE
_aBangalore
082 _a621.388
_bAICTE
300 _a62
546 _aENGLISH
999 _c24700
_d24700